| 000 | 01348aam a2200289 i 4500 | ||
|---|---|---|---|
| 001 | 768714001 | ||
| 003 | CO-MdFUSB | ||
| 005 | 20211103123216.0 | ||
| 007 | ta | ||
| 008 | 211103txxu ck a|||| |||| 00| 0 spa d | ||
| 020 | _a[No incluye ISBN] | ||
| 040 |
_bspa. _aCO-MdFUSB _cCO-MdFUSB _dCO-MdFUSBC _erda |
||
| 041 | _aspa | ||
| 082 | 0 | 4 |
_a248.2 _223 _b A6151e |
| 110 | _aCrisalinco, | ||
| 245 | 1 | 0 |
_aExperiencias con Dios vividas por nosotros los indígenas _c/ Crisalinco |
| 264 | 0 |
_aBogotá, Colombia : Grafi Impresos y Gase _bGrafi Impresos y Gase, _c[fecha de publicación no identificada] |
|
| 300 |
_a59 Páginas _c; 22 cm |
||
| 336 |
_atexto _btxt _2rdacontent |
||
| 337 |
_2rdamedia _asin mediación _bn |
||
| 338 |
_2rdacarrier _avolumen _bnc |
||
| 505 | _aUn indígena y Cristo- amigos inseparables. -- Lágrimas de desconsuelo. -- La canoa perdida. -- Cómo llegué a conocer a Dios. -- ¿Existe un Dios? -- ¿Has llorado recientemente? -- Dios me advirtió de un peligro futuro. -- El puente. -- El espíritu del yajé. -- Dios detuvo el viento. -- Cómo llegué a creer en la palabra de Dios. -- El perdón para el enemigo. -- El demonio y las moscas. -- El camino hacia el arrepentimiento. -- Cómo el Señor me ha rescatado. | ||
| 563 | _aRústico | ||
| 650 | 0 |
_9952 _aExperiencia religiosa |
|
| 942 | _cBK | ||
| 945 | _aJTF-925 | ||
| 999 |
_c43299 _d43299 |
||